Jeden z dziesięciu 9 - Statystyki

Ogólne statystyki
  • Ten quiz został rozwiązany 46 razy
  • Średni wynik to 20 z 40
Statystyki odpowiedzi
Zagadnienie Odpowiedź % Poprawnych
Która z gorgon, straszliwych sióstr morza, była śmiertelna? Meduza
89%
W ostatnich (stan na styczeń 2025 r.) wyborach prezydenckich w Stanach Zjednoczonych wygrał Demokrata czy Republikanin? Republikanin
75%
Czy Finlandia graniczy z Norwegią? Tak
75%
Marszałek Francji Joseph Joffre był dowódcą armii francuskiej w trakcie pierwszej czy drugiej wojny światowej? I Wojny Światowej
71%
Jakim rodzajem samolotu był polski samolot PZL-37 "Łoś"? Czy był to myśliwiec, bombowiec czy samolot pasażerski? Bombowiec
68%
Czy amerykańska Fundacja Forda zajmuje się wspieraniem przemysłu motoryzacyjnego? Nie
68%
Którą dyscyplinę sportu uprawiała Rumunka Nadia Comaneci? Gimnastykę
64%
"Rzekł szczygieł do słowika, który cicho siedział: "Szkoda, że krótko śpiewasz". Słowik odpowiedział: "Co mi dała natura, wypełniam to wiernie. Lepiej krótko, a dobrze, niż długo, a miernie"" Kto jest autorem tej bajki? Ignacy Krasicki
64%
Który król panował w Wielkiej Brytanii w czasie II Wojny Światowej? Jerzy VI
64%
W którym wieku żył Giacomo Casanova? W XVIII w.
64%
Jak nazywa się urządzenie do ręcznego młócenia zboża, zbudowane z dwóch drążków powiązanych rzemiennym wiązaniem? Cep
61%
Miłorząb to roślina, która występowała już w Mezozoiku, czy dopiero po tej erze? Już w Mezozoiku
61%
Czy sztuka Nikołaja Gogola "Ożenek" kończy się ślubem głównego bohatera? Nie
61%
Stolicą amerykańskiego stanu Wirginia Zachodnia jest Charleston. A które miasto jest stolicą stanu Wirginia? Richmond
57%
W którym mieście, w dwudziestoleciu międzywojennym, działał Uniwersytet Jana Kazimierza? We Lwowie
57%
"Koło Iksjona" to koło wpisane w wielokąt, czy określenie męczarni i cierpień bez kresu? Męczarnie i cierpienia bez kresu
54%
Która religia jest młodsza: Sikhizm czy Chrześcijaństwo? Sikhizm
54%
Miasto Sejny i wieś Wigry, z dawnym klasztorem kamedułów, to wizytówka Podlasia, Szczecina czy Suwalszczyzny? Suwalszczyzny
54%
Co dosłownie oznacza łacińska sentencja "Audaces Fortuna Iuvat"? Szczęście sprzyja odważnym
54%
Do którego państwa wyemigrował Witold Gombrowicz w 1939 r.? Do Argentyny
50%
Kto w nadawanym w latach 2014-2021 serialu "O mnie się nie martw" wcielał się w postać Igi Małeckiej? Joanna Kulig
50%
Jak Krzysztof Kolumb nazwał wyspę do której dotarł po 2 miesiącach żeglugi w 1492 r.? San Salvador
50%
Na którym kontynencie rozciąga się kraina geograficzna o nazwie "Pantanal"? W Ameryce Południowej
50%
Którą dyscyplinę sportu uprawiał Oscar de la Hoya? Boks
46%
Który dział zoologi zajmuje się badaniem gadów i płazów? Herpetologia
46%
Którą chorobę kiedyś nazywano Influencą? Grypę
43%
Kukułka w mitologii greckiej była ptakiem poświęconym której bogini? Herze
43%
Alexanderplatz - jeden z głównych placów Berlina, nosi imię władcy niemieckiego, rosyjskiego czy macedońskiego? Rosyjskiego
43%
W którym państwie znajduje się ośrodek sportów zimowych "Squaw Valley"? W Stanach Zjednoczonych
43%
W którym roku Józef Piłsudski wydał odezwę do mieszkańców byłego Wielkiego Księstwa Litewskiego? 1919
39%
"Nikt" to powieść Jerzego Andrzejewskiego. Kto jest głównym bohaterem tej powieści? Odyseusz
39%
Kergulena żyje w wodach tropikalnych czy w wodach Antarktyki? W wodach Antarktyki
39%
Jak nazywa się część miecza, za którą chwytamy? Trzon
36%
Jakie imiona nosili posłowie greccy z dramatu Jana Kochanowskiego "Odprawa Posłów Greckich"? Odyseusz i Menelaos
32%
Jak nazywa się najdalej na południe wysunięty przylądek Afryki? Przylądek Igielny
32%
Jak nazywa się patologiczny wstręt do małżeństwa? Mizogamia
29%
Mieczysława Ćwiklińska pochodziła ze znanej rodziny aktorskiej. Jak brzmiało panieńskie nazwisko Ćwiklińskiej? Trapszo
29%
W czasie której wojny toczy się akcja amerykańskiego filmu "Złoto dla Zuchwałych" Briana Huttona? II Wojny Światowej
21%
Jak nazywał się polski poeta okresu oświecenia, autor "Zabobonnika"? Franciszek Zabłocki
14%
Jakiego pochodzenia był amerykański reżyser Elia Kazan? Greckiego
11%
Nie znaleziono quizów pasujących do podanych kryteriów
Rozkład punktacji
Procent ludzi z każdym wynikiem
Percentyl według liczby udzielonych odpowiedzi
Twoja historia wyników
Nie rozwiązałeś tego quizu